00742 2200265 4500001002100000005001700021008004100038020001800079035002400097040001200121082001200133090001900145100002400164245004400188250001100232260003700243300002400280500005300304500002700357650002300384700002300407700001900430850001200449990001500461YOGYA-0209000000949420090227021222.0 ind  a979-514-167-8 0010-020900000009494 aYOPDYOG a297.341 a297.341bSha T aAL-SHABBAGH, Mahmud aTuntutan keluarga bahagia menurut Islam aCet. 3 aBandungbRemaja Rosdakaryac1994 avii, 228 hlmc21 cm aJudul asli : Al-Saadah Al-Jaurjiyyah fi al-Islam aBibliografi : hlm. 228 aPerkawinan (Islam) aFannani, Bahruddin aMuhaji, Achmad aYOPDYOG a97P0092650